000 00721nas a2200241 4500
001 BR8803331
003 BR-BrBNA
005 20231205091151.0
007 ta
008 230509b bl.|||p| |||| 00| 00por d
040 _aBR-BrBNA
_bpor
_cBiblioteca Nacional de Agricultura
041 _a(Pt)
072 _aK50
100 1 _aJankowsky, I.P.
245 1 _aPrograma de secagem: fundamentos teoricos e sua aplicacao para a madeira de Pinus spp.
650 _aPINHEIRO
650 _aMADEIRA
650 _aSECAGEM
650 _aINDUSTRIA FLORESTAL
773 0 _tSilvicultura (Brazil)
_xISSN 0102-3615
_g(Jan-Feg 1984), v. 9(34) p. 21-23
_wBR8803331
909 _a202311
_bLúcia
_c55
_dLúcia Elande
942 _2AGRIS
_n0
_cANA
999 _c123278
_d123278